000 01041nam a2200265Ia 4500
003 OSt
005 20220923211552.0
006 a|||||r|||| 00| 0
007 ta
008 220922b |||||||| |||| 00| 0 hin d
020 _a9789385144981 (hbk)
_c795
024 _a348,259
037 _b245, 16/01/2019, Eastern Book Linkers
_cTextual
040 _aARTS
_cARTS
_bhin
041 _2hin
_ahin
082 _aWx1,1, 152Q7
100 _aपार्वती, टी. आर., ले.
_9160802
245 0 _aकौटिल्य के अर्थशास्त्र में राजनीतिक चेतना
246 _aKauṭilya ke arthashāstra mean rājanītik chetanā
260 _aदिल्ली
_b शिवालिक प्रकाशन
_c2017
300 _a206पृ.
_ccm.
650 _aराजनीति विज्ञान
942 _hWx1,1, 152Q7
_cTEXL
_2CC
999 _c300845
_d300845